[Event "BL2 Ost 1920 (Women)"]
[Site "Germany"]
[Date "2019.09.15"]
[Round "2.4"]
[White "Krentz, Susann"]
[Black "Hartmann, Anne"]
[Result "1/2-1/2"]
[WhiteElo "1731"]
[BlackElo "1780"]
[PlyCount "67"]
[EventDate "2019.09.14"]
[EventType "team-tourn"]
[EventRounds "7"]
[EventCountry "GER"]
[SourceTitle "EXT 2021"]
[Source "ChessBase"]
[SourceDate "2020.10.23"]
[SourceVersion "1"]
[SourceVersionDate "2020.10.23"]
[SourceQuality "1"]
[WhiteTeam "Chemnitz Aufbau (W)"]
[BlackTeam "Dresden USV TU (W)"]
[WhiteTeamCountry "GER"]
[BlackTeamCountry "GER"]

1. c4 c5 2. Nc3 Nf6 3. Nf3 d5 4. cxd5 Nxd5 5. g3 Nc6 6. Bg2 Nc7 7. 0-0 e5 8. d3 Be7 9. Bd2 f6 10. Rc1 Bd7 11. Ne4 b6 12. Nc3 Rc8 13. Ne1 Nd4 14. Nc2 Nce6 15. Nd5 Bc6 16. Nxe7 Qxe7 17. Nxd4 Bxg2 18. Kxg2 Nxd4 19. Kg1 0-0 20. e3 Ne6 21. a3 Rfd8 22. Qe2 Rc7 23. b4 Rcd7 24. Rc3 cxb4 25. axb4 Qxb4 26. Rc6 Qe7 27. Qg4 Nc5 28. Bb4 Qf7 29. Bxc5 bxc5 30. Rxc5 Rxd3 31. Qa4 Qd7 32. Qc4+ Kf8 33. Rc7 Qd5 34. Qxd5 1/2-1/2

[Event "BL2 Ost 1920 (Women)"]
[Site "Germany"]
[Date "2019.09.14"]
[Round "1.4"]
[White "Mai, Iris"]
[Black "Krentz, Susann"]
[Result "1-0"]
[WhiteElo "2043"]
[BlackElo "1731"]
[PlyCount "95"]
[EventDate "2019.09.14"]
[EventType "team-tourn"]
[EventRounds "7"]
[EventCountry "GER"]
[SourceTitle "EXT 2021"]
[Source "ChessBase"]
[SourceDate "2020.10.23"]
[SourceVersion "1"]
[SourceVersionDate "2020.10.23"]
[SourceQuality "1"]
[WhiteTeam "Pankow Rotation (W)"]
[BlackTeam "Chemnitz Aufbau (W)"]
[WhiteTeamCountry "GER"]
[BlackTeamCountry "GER"]

1. d4 Nf6 2. Nf3 e6 3. c4 Bb4+ 4. Bd2 Bxd2+ 5. Qxd2 b6 6. Nc3 Bb7 7. Rd1 d5 8. e3 Nbd7 9. cxd5 Nxd5 10. Bd3 Nxc3 11. bxc3 0-0 12. 0-0 Nf6 13. Ne5 Rc8 14. Qb2 Qe7 15. Qb4 Rfe8 16. Qa4 a5 17. Bb5 Red8 18. Nc6 Bxc6 19. Bxc6 Nd7 20. f4 Nf6 21. c4 Ne8 22. Rb1 Rb8 23. Rb3 f5 24. Rfb1 Qh4 25. Bxe8 Rxe8 26. c5 Qd8 27. cxb6 cxb6 28. Rxb6 Qc7 29. Qb3 Rxb6 30. Qxb6 Qc3 31. Qb3 Qc7 32. h3 Kf7 33. Qb7 Re7 34. Qf3 g6 35. Rf1 Qc4 36. Rf2 Rc7 37. Qe2 Qc6 38. Qf3 Qc4 39. g4 Qc1+ 40. Kg2 Qc6 41. Qxc6 Rxc6 42. Rb2 Rc7 43. Kf3 h6 44. Rb5 Ra7 45. a4 Kf6 46. h4 Kf7 47. h5 gxh5 48. gxf5 1-0

[Event "BL2 Ost 1213 (Women)"]
[Site "Germany"]
[Date "2012.10.06"]
[Round "1.4"]
[White "Hippe, Franziska"]
[Black "Krentz, Susann"]
[Result "0-1"]
[WhiteElo "1981"]
[BlackElo "1581"]
[PlyCount "92"]
[EventDate "2012.10.06"]
[EventType "team-tourn"]
[EventRounds "7"]
[EventCountry "GER"]
[SourceTitle "EXT 2018"]
[Source "ChessBase"]
[SourceDate "2017.10.13"]
[SourceVersion "1"]
[SourceVersionDate "2017.10.13"]
[SourceQuality "1"]
[WhiteTeam "Torgelow Droegeheide (W)"]
[BlackTeam "Chemnitz Aufbau (W)"]
[WhiteTeamCountry "GER"]
[BlackTeamCountry "GER"]

1. e4 c5 2. Nf3 d6 3. d4 cxd4 4. Nxd4 Nf6 5. Nc3 g6 6. Be2 Bg7 7. Be3 0-0 8. 0-0 Nc6 9. Kh1 Bd7 10. f4 Rc8 11. Bf3 a6 12. a4 Nxd4 13. Bxd4 Bc6 14. a5 Nd7 15. Bxg7 Kxg7 16. Nd5 e6 17. Ne3 Qe7 18. c4 Rfd8 19. Qe2 Nc5 20. f5 Kg8 21. f6 Qxf6 22. Ng4 Qg7 23. Qe3 Nd7 24. Be2 Ne5 25. Nf6+ Kh8 26. Qg3 Rc7 27. c5 Nd7 28. cxd6 Rcc8 29. e5 Nxf6 30. exf6 Qf8 31. Rad1 Bd5 32. Bf3 Rxd6 33. Rfe1 Rd7 34. Qe5 Qc5 35. b4 Qb5 36. Qf4 Bxf3 37. Qh6 Rg8 38. gxf3 Rxd1 39. Rxd1 Qe2 40. Qd2 Qxf3+ 41. Kg1 Qxf6 42. Rf1 Qe7 43. Qc3+ e5 44. Rd1 f6 45. Rd5 Rd8 46. Rc5 Qd7 0-1

[Event "BL2 Mitte 1011 (Women)"]
[Site "Germany"]
[Date "2010.11.07"]
[Round "2.6"]
[White "Krentz, Susann"]
[Black "Pralle, Katharina"]
[Result "0-1"]
[WhiteElo "1605"]
[BlackElo "2014"]
[PlyCount "82"]
[EventDate "2010.11.06"]
[EventType "team-tourn"]
[EventRounds "7"]
[EventCountry "GER"]
[SourceTitle "EXT 2012"]
[Source "ChessBase"]
[SourceDate "2011.11.24"]
[SourceVersion "1"]
[SourceVersionDate "2011.11.24"]
[SourceQuality "1"]
[WhiteTeam "Chemnitz (W)"]
[BlackTeam "Friedberg (W)"]
[WhiteTeamCountry "GER"]
[BlackTeamCountry "GER"]

1. c4 e5 2. Nc3 Nf6 3. Nf3 Nc6 4. g3 Bc5 5. Bg2 d6 6. 0-0 Be6 7. d3 Qd7 8. Ng5 Bf5 9. Nge4 Nxe4 10. Nxe4 Bb6 11. Be3 Nd4 12. Ng5 0-0-0 13. Nf3 Nxf3+ 14. Bxf3 Bh3 15. Bg2 h5 16. Bxb6 axb6 17. Qd2 h4 18. e4 Bxg2 19. Kxg2 hxg3 20. fxg3 Rh7 21. Rh1 Rdh8 22. Raf1 Qh3+ 23. Kf2 Qxh2+ 24. Rxh2 Rxh2+ 25. Ke3 Rxd2 26. Kxd2 Rh2+ 27. Kc3 f6 28. Rg1 Kd7 29. g4 g6 30. a3 Ke6 31. b3 c6 32. Rg3 Rh4 33. a4 d5 34. exd5+ cxd5 35. Kb4 Rh1 36. Kb5 Rb1 37. Kb4 dxc4 38. dxc4 e4 39. Kb5 Ke5 40. Kxb6 Kf4 41. Rc3 e3 0-1